| 000 | 00958cam a2200277Ia 4500 | ||
|---|---|---|---|
| 005 | 20180312142006.0 | ||
| 008 | 940913s1993 sp a gr 000 j spa d | ||
| 020 | _a9580424608 | ||
| 020 | _a9789580424604 | ||
| 040 |
_aCO-BoUCM _bspa _cJose A. Gerena _dJose A. Gerena |
||
| 100 | 1 |
_aRius, María _959888 |
|
| 245 | 1 | 3 |
_aLa ciudad _cMaría Rius, Josep Ma. Parramón |
| 260 |
_aBarcelona (España) _bNorma _c1993 |
||
| 300 |
_a[24] páginas _bilustraciones a color |
||
| 490 | 1 | _aPrimera biblioteca de los niños | |
| 490 | 1 | _aUn día en | |
| 650 | 7 |
_aCiudades y pueblos en la literatura _910963 |
|
| 650 | 7 |
_aCuentos ilustrados para niños _937305 |
|
| 650 | 7 |
_aLibros y lectura para niños _918524 |
|
| 650 | 7 |
_aLiteratura infantil española _918684 |
|
| 690 |
_942863 _aLiteratura europea |
||
| 700 | 1 |
_aParramón, Josep Ma. _959889 |
|
| 942 |
_a18 _cLIBRO _e1 _mR615c _2DEWEY _h868.64 _n0 |
||
| 041 | _aspa | ||
| 999 |
_c240592 _d240592 |
||